[Event "Chess.com SIG Bullet Wild"]
[Site "chess.com INT"]
[Date "2021.04.05"]
[Round "1.7"]
[White "Artemiev, Vladislav"]
[Black "Sadhwani, Raunak"]
[Result "0-1"]
[WhiteTitle "GM"]
[BlackTitle "GM"]
[WhiteElo "2709"]
[BlackElo "2555"]
[WhiteFideId "24101605"]
[BlackFideId "35093487"]
[EventDate "2021.04.05"]

1. e4 e5 2. Nf3 Nc6 3. d4 exd4 4. Nxd4 Nf6 5. Nxc6 bxc6 6. Nd2 Bc5 7. e5 Qe7 8.
Qe2 Nd5 9. Ne4 Bb6 10. c4 Ba6 11. Bg5 Qxe5 12. O-O-O O-O 13. Qf3 Nb4 14. Bf4
Nxa2+ 15. Kb1 Qa5 16. c5 Nb4 17. Qa3 Bxf1 18. Rhxf1 Qb5 19. Be3 d6 20. Nc3 Qc4
21. Rfe1 Bxc5 22. Bxc5 dxc5 23. Re4 Qa6 24. Qxa6 Nxa6 25. Re7 Rfe8 26. Red7 Kf8
27. R1d3 Rab8 28. Rf3 Re7 29. Rd2 Nb4 30. Rf5 c4 31. Kc1 Nd3+ 32. Kb1 Re1+ 33.
Nd1 Nxb2 34. Rxb2 Rxd1+ 35. Kc2 Rxb2+ 36. Kxb2 Rd3 37. Kc2 Rd5 38. Rf4 Ke7 39.
Rxc4 Kd6 40. Ra4 Rc5+ 41. Kd3 a5 42. Ke3 f6 43. Rd4+ Rd5 44. Rg4 Re5+ 45. Kf3 g5
46. Rd4+ Rd5 47. Re4 Rf5+ 48. Kg3 Rf4 49. Re8 a4 50. Rd8+ Kc5 51. Ra8 Rb4 52.
Rb8 Rb3+ 53. Kg4 Rxb8 0-1

[Event "Chess.com SIG Bullet Wild"]
[Site "chess.com INT"]
[Date "2021.04.05"]
[Round "1.8"]
[White "Sadhwani, Raunak"]
[Black "Artemiev, Vladislav"]
[Result "0-1"]
[WhiteTitle "GM"]
[BlackTitle "GM"]
[WhiteElo "2555"]
[BlackElo "2709"]
[WhiteFideId "35093487"]
[BlackFideId "24101605"]
[EventDate "2021.04.05"]

1. d4 g6 2. e4 Bg7 3. Nf3 c6 4. Nc3 d5 5. h3 dxe4 6. Nxe4 Nf6 7. Bd3 Nxe4 8.
Bxe4 Bf5 9. Bxf5 Qa5+ 10. Bd2 Qxf5 11. O-O O-O 12. Re1 Re8 13. c3 Nd7 14. Qb3
Qb5 15. Re4 e6 16. Rae1 Qxb3 17. axb3 a5 18. h4 a4 19. bxa4 Rxa4 20. Bf4 Nf6 21.
R4e2 c5 22. Be5 cxd4 23. Nxd4 Nd5 24. Bxg7 Kxg7 25. g3 Rd8 26. Kg2 Nc7 27. Nf3
Rd5 28. Re4 Ra2 29. Rb4 b5 30. Nd4 e5 31. Nf3 f6 32. g4 Na6 33. Rbe4 Rxb2 34. g5
Nc5 35. gxf6+ Kxf6 36. Rxe5 Rxf2+ 37. Kxf2 Nd3+ 38. Kg3 Nxe5 39. Nd4 b4 40. Rf1+
Ke7 41. Re1 bxc3 42. Ne2 Rc5 43. Nf4 c2 44. Nd3 Rc3 45. Rxe5+ Kf6 46. Kf4 Rxd3
47. Rc5 Rd4+ 48. Kg3 Rd2 49. Kg4 Ke6 50. Kg5 Rd5+ 0-1

[Event "Chess.com SIG Bullet Wild"]
[Site "chess.com INT"]
[Date "2021.04.05"]
[Round "1.9"]
[White "Artemiev, Vladislav"]
[Black "Sadhwani, Raunak"]
[Result "1/2-1/2"]
[WhiteTitle "GM"]
[BlackTitle "GM"]
[WhiteElo "2709"]
[BlackElo "2555"]
[WhiteFideId "24101605"]
[BlackFideId "35093487"]
[EventDate "2021.04.05"]

1. d4 Nf6 2. Bg5 d5 3. Nd2 c5 4. e3 Nc6 5. Ngf3 Qb6 6. c4 e6 7. Bxf6 gxf6 8.
cxd5 exd5 9. Be2 cxd4 10. exd4 Be6 11. O-O Bd6 12. Nb3 Rg8 13. Rc1 Bh3 14. Ne1
Qc7 15. Kh1 Be6 16. Bf3 Bxh2 17. g3 Bxg3 18. fxg3 Qxg3 19. Bg2 Rg6 20. Kg1 Qe3+
21. Rf2 O-O-O 22. Rc3 Qg5 23. Qc1 Qh4 24. Rxc6+ bxc6 25. Qxc6+ Kb8 26. Nc5 Bc8
27. Re2 Qxd4+ 28. Kf1 Rg4 29. Qb5+ Kc7 30. Qa5+ Kb8 31. Qxd8 Rf4+ 32. Nf3 Qxc5
33. Qe7 Qc1+ 34. Kf2 Rc4 35. Qe3 Qxe3+ 36. Rxe3 d4 37. Rd3 Rc2+ 38. Rd2 Rxd2+
39. Nxd2 Kc7 40. Nf3 d3 41. Ke3 Be6 42. a3 Kd6 43. Kxd3 Bd5 44. Ke3 h5 45. Ne1
Bxg2 46. Nxg2 Kc5 47. Nf4 Kc4 48. Kd2 Kb3 49. Kc1 h4 50. Kb1 f5 51. Kc1 a5 52.
Kb1 a4 53. Kc1 Kc4 54. Kc2 Kd4 55. b3 axb3+ 56. Kxb3 Ke4 57. Nh3 f4 58. a4 f3
59. a5 Kd5 60. a6 Kc6 61. Kc3 Kb6 62. Kd2 Kxa6 63. Ke3 f5 64. Kxf3 f4 65. Kxf4
Kb5 66. Kg4 Kc4 67. Kxh4 1/2-1/2

[Event "Chess.com SIG Bullet Wild"]
[Site "chess.com INT"]
[Date "2021.04.05"]
[Round "1.10"]
[White "Sadhwani, Raunak"]
[Black "Artemiev, Vladislav"]
[Result "1-0"]
[WhiteTitle "GM"]
[BlackTitle "GM"]
[WhiteElo "2555"]
[BlackElo "2709"]
[WhiteFideId "35093487"]
[BlackFideId "24101605"]
[EventDate "2021.04.05"]

1. d4 d5 2. Nf3 c5 3. dxc5 e6 4. Bf4 Bxc5 5. e3 Nc6 6. Bd3 Nf6 7. Nc3 O-O 8. O-O
h6 9. e4 Bb4 10. exd5 exd5 11. Ne2 Bg4 12. Ng3 Nd4 13. c3 Ne6 14. Bxh6 Bc5 15.
Bd2 Re8 16. h3 Bxf3 17. Qxf3 Ne4 18. Nxe4 dxe4 19. Qxe4 g6 20. Rad1 Qf6 21. Qg4
Rad8 22. Bc2 Rd5 23. Be4 Rd6 24. Qf3 Qe7 25. Bh6 Red8 26. Rxd6 Bxd6 27. Bxb7 Ng5
28. Bxg5 Qxg5 29. Bd5 Rd7 30. g3 Kg7 31. Kg2 Qe5 32. Be4 Re7 33. Bc2 Bc5 34. Bb3
Bb6 35. h4 f5 36. h5 g5 37. h6+ Kh7 38. Bc2 Rf7 39. g4 Bc7 40. Bxf5+ Kh8 41. Rh1
Re7 42. Qa8+ Re8 43. Qc6 Bb6 44. Qg6 Re7 45. Qc6 Qe2 46. Qa8+ Re8 47. Qf3 Qd2
48. h7 Re2 49. Rf1 Bxf2 50. Rxf2 1-0

[Event "Chess.com SIG Bullet Wild"]
[Site "chess.com INT"]
[Date "2021.04.05"]
[Round "1.11"]
[White "Artemiev, Vladislav"]
[Black "Sadhwani, Raunak"]
[Result "1-0"]
[WhiteTitle "GM"]
[BlackTitle "GM"]
[WhiteElo "2709"]
[BlackElo "2555"]
[WhiteFideId "24101605"]
[BlackFideId "35093487"]
[EventDate "2021.04.05"]

1. b3 e5 2. Bb2 Nc6 3. e3 d6 4. Bb5 Bd7 5. Ne2 g6 6. d4 Bg7 7. dxe5 Nxe5 8.
Bxd7+ Qxd7 9. Nbc3 Ne7 10. Qd2 O-O 11. O-O-O a5 12. Ne4 a4 13. f4 axb3 14. axb3
N5c6 15. Bxg7 Kxg7 16. Qc3+ f6 17. h4 Qf5 18. N2g3 Qa5 19. Qxa5 Rxa5 20. h5 Re8
21. hxg6 hxg6 22. Rh3 d5 23. Nc3 Ra1+ 24. Nb1 d4 25. exd4 Nd5 26. Rdh1 Nxd4 27.
Rh7+ Kf8 28. Rh8+ Ke7 29. Re1+ Kf7 30. Rhxe8 c5 31. Kb2 Ra6 32. c4 1-0

[Event "Chess.com SIG Bullet Wild"]
[Site "chess.com INT"]
[Date "2021.04.05"]
[Round "1.12"]
[White "Sadhwani, Raunak"]
[Black "Artemiev, Vladislav"]
[Result "0-1"]
[WhiteTitle "GM"]
[BlackTitle "GM"]
[WhiteElo "2555"]
[BlackElo "2709"]
[WhiteFideId "35093487"]
[BlackFideId "24101605"]
[EventDate "2021.04.05"]

1. d4 d5 2. Bf4 c5 3. e3 cxd4 4. exd4 Nc6 5. Nf3 Bf5 6. Bb5 e6 7. Ne5 Rc8 8. O-O
Bd6 9. Bxc6+ bxc6 10. c3 Ne7 11. Nd3 Bxd3 12. Bxd6 Bxf1 13. Bxe7 Qxe7 14. Qxf1
O-O 15. Nd2 c5 16. dxc5 Qxc5 17. Nb3 Qb6 18. Rd1 a5 19. Rd4 Rc4 20. Rxc4 dxc4
21. Qxc4 Rd8 22. g3 h6 23. Kg2 Qb7+ 24. f3 a4 25. Qxa4 Rd1 26. Qc4 Rb1 27. Qe2
Qd5 28. Qc2 Rd1 29. Nd4 Ra1 30. a3 Qc4 31. Qe4 Qf1# 0-1

[Event "Chess.com SIG Bullet Wild"]
[Site "chess.com INT"]
[Date "2021.04.05"]
[Round "1.13"]
[White "Artemiev, Vladislav"]
[Black "Sadhwani, Raunak"]
[Result "1-0"]
[WhiteTitle "GM"]
[BlackTitle "GM"]
[WhiteElo "2709"]
[BlackElo "2555"]
[WhiteFideId "24101605"]
[BlackFideId "35093487"]
[EventDate "2021.04.05"]

1. d4 Nf6 2. Nf3 g6 3. Bg5 Bg7 4. Nbd2 O-O 5. e3 d6 6. Be2 Qe8 7. O-O e5 8. a4
Nc6 9. c3 e4 10. Ne1 h6 11. Bh4 g5 12. Bg3 Nh7 13. f3 exf3 14. Bxf3 Qxe3+ 15.
Bf2 Qe7 16. Nc2 f5 17. Ne3 Nf6 18. Re1 Qf7 19. b4 f4 20. Ng4 Nxg4 21. Bxg4 Bxg4
22. Qxg4 Rae8 23. h4 Bf6 24. Nf3 Qg7 25. hxg5 hxg5 26. Qf5 Ne7 27. Qe6+ Qf7 28.
Qg4 Qg7 29. Re6 Ng6 30. Rae1 Rxe6 31. Rxe6 Rf7 32. Nxg5 Nf8 33. Nxf7 Qxg4 34.
Nh6+ Kg7 35. Nxg4 Nxe6 36. Kf1 Kg6 37. Ke2 Kf5 38. Nxf6 Kxf6 39. d5 Ng5 40. Bd4+
Kf5 41. Bxa7 Ke4 42. Bb8 Kxd5 43. Bxc7 Ne6 44. Bb8 Kc6 45. Kd3 b6 46. Ke4 Kd7
47. Kd5 Ng5 48. Bxd6 f3 49. gxf3 Nxf3 50. Bf4 Ne1 51. c4 Nc2 52. Bd2 Kc7 53. b5
Kb7 54. a5 bxa5 55. Bxa5 Ne3+ 56. Kd4 Nf5+ 57. Kc3 Ne3 58. c5 Nd5+ 59. Kd4 Ne7
60. Ke5 Ng6+ 61. Kd6 1-0

[Event "Chess.com SIG Bullet Wild"]
[Site "chess.com INT"]
[Date "2021.04.05"]
[Round "1.14"]
[White "Sadhwani, Raunak"]
[Black "Artemiev, Vladislav"]
[Result "1-0"]
[WhiteTitle "GM"]
[BlackTitle "GM"]
[WhiteElo "2555"]
[BlackElo "2709"]
[WhiteFideId "35093487"]
[BlackFideId "24101605"]
[EventDate "2021.04.05"]

1. e4 c5 2. Nc3 d6 3. d4 cxd4 4. Qxd4 Nc6 5. Qd2 g6 6. b3 Bg7 7. Bb2 Nf6 8.
O-O-O Qa5 9. Kb1 Be6 10. f3 O-O-O 11. Nge2 d5 12. Qc1 dxe4 13. Nxe4 Rxd1 14.
Qxd1 Rd8 15. Qc1 Nxe4 16. fxe4 Bxb2 17. Kxb2 Qd2 18. Nc3 Qxc1+ 19. Kxc1 Kc7 20.
Bd3 Ne5 21. Kd2 a6 22. Ke3 Bd7 23. h3 e6 24. Ne2 Bc6 25. Rf1 Kd7 26. Nd4 Ke7 27.
Nf3 Nxf3 28. gxf3 f5 29. f4 fxe4 30. Bxe4 Bxe4 31. Kxe4 Rd2 32. c4 Rxa2 33. Kd4
Rd2+ 34. Kc5 Rd6 35. Re1 b6+ 36. Kb4 Rd4 37. Ra1 a5+ 38. Kb5 Rxf4 39. Kxb6 Rf3
40. Rb1 Rxh3 41. Kxa5 g5 42. b4 Rc3 43. c5 g4 44. Kb6 h5 45. Rh1 Rc4 46. b5 g3
47. Rxh5 Kf6 48. Rh1 Kf5 49. Rg1 Kf4 50. c6 e5 51. c7 Kf3 52. Kb7 Kf2 53. Ra1 g2
54. c8=Q e4 55. Qxc4 1-0

[Event "Chess.com SIG Bullet Wild"]
[Site "chess.com INT"]
[Date "2021.04.05"]
[Round "1.15"]
[White "Artemiev, Vladislav"]
[Black "Sadhwani, Raunak"]
[Result "1-0"]
[WhiteTitle "GM"]
[BlackTitle "GM"]
[WhiteElo "2709"]
[BlackElo "2555"]
[WhiteFideId "24101605"]
[BlackFideId "35093487"]
[EventDate "2021.04.05"]

1. b3 e5 2. Bb2 Nc6 3. e3 Nf6 4. Bb5 Qe7 5. Ne2 a6 6. Bxc6 dxc6 7. d4 exd4 8.
Qxd4 Be6 9. Nbc3 Rd8 10. Qh4 Nd5 11. Qxe7+ Bxe7 12. Nxd5 Bxd5 13. f3 f6 14. Kf2
Bf7 15. Rhd1 O-O 16. Ng3 Bg6 17. e4 Bc5+ 18. Ke2 Bf7 19. Rxd8 Rxd8 20. Rd1 Rxd1
21. Kxd1 Bd6 22. Nf1 h5 23. h3 Be6 24. Ke2 Kf7 25. Ne3 g5 26. Nc4 Be7 27. Na5
Bc8 28. Nc4 Kg6 29. Ne3 Bc5 30. g4 h4 31. Nf5 a5 32. Kd3 b6 33. Bd4 Ba6+ 34. c4
Bf8 35. Be3 Bc8 36. f4 a4 37. fxg5 axb3 38. axb3 fxg5 39. Bd4 c5 40. Be5 c6 41.
Bd6 Bg7 42. Bc7 b5 43. Ne7+ Kf7 44. Nxc8 bxc4+ 45. Kxc4 Ke6 46. Kxc5 Be5 47.
Bxe5 Kxe5 48. Nd6 Kf4 49. Kxc6 Kg3 50. e5 Kxh3 51. e6 Kg2 52. e7 h3 53. e8=Q h2
54. Qe4+ Kg3 55. Nf7 1-0

[Event "Chess.com SIG Bullet Wild"]
[Site "chess.com INT"]
[Date "2021.04.05"]
[Round "1.16"]
[White "Sadhwani, Raunak"]
[Black "Artemiev, Vladislav"]
[Result "1/2-1/2"]
[WhiteTitle "GM"]
[BlackTitle "GM"]
[WhiteElo "2555"]
[BlackElo "2709"]
[WhiteFideId "35093487"]
[BlackFideId "24101605"]
[EventDate "2021.04.05"]

1. d4 d5 2. Bf4 c5 3. e3 cxd4 4. exd4 Nc6 5. Nf3 Bg4 6. c3 e6 7. Nbd2 Bd6 8.
Bxd6 Qxd6 9. h3 Bh5 10. Bd3 Nge7 11. O-O g5 12. Qb3 O-O-O 13. c4 g4 14. hxg4
Bxg4 15. cxd5 Nxd5 16. Nc4 Qf4 17. Nfe5 Rhg8 18. Rfc1 Bh3 19. Bf1 Bxg2 20. Bxg2
Qg5 21. Qg3 Qf5 22. Qf3 Qxf3 23. Nxf3 Nf4 24. Ne3 Ne2+ 25. Kf1 Nxc1 26. Rxc1 Kb8
27. Rd1 Nb4 28. a3 Nc6 29. d5 exd5 30. Rxd5 Rxd5 31. Nxd5 Rd8 32. Ne3 Nd4 33.
Ne5 Rc8 34. Be4 Rc1+ 35. Kg2 f6 36. Nd7+ Kc7 37. Nxf6 h6 38. Nfg4 h5 39. Nf6 h4
40. Kh3 Re1 41. Kxh4 Re2 42. Kg3 Rxb2 43. Nfd5+ Kd8 44. Nc4 Rb3+ 45. f3 b5 46.
Ne5 Rxa3 47. Kg4 a5 48. f4 b4 49. f5 Ra1 50. f6 Rg1+ 51. Kh5 b3 52. f7 Ne6 53.
Kh6 b2 54. Nf4 Nf8 55. Neg6 Nxg6 56. Nxg6 Rf1 57. Kg7 Rxf7+ 58. Kxf7 Kd7 59. Bb1
Kd6 60. Kf6 Kc5 61. Ne5 a4 62. Nd3+ Kc4 63. Nxb2+ Kb3 64. Nd3 a3 65. Nc1+ Kb2
66. Ba2 Kxc1 67. Be6 Kb2 68. Ke5 a2 69. Bxa2 1/2-1/2

[Event "Chess.com SIG Bullet Wild"]
[Site "chess.com INT"]
[Date "2021.04.05"]
[Round "1.1"]
[White "Nihal, Sarin"]
[Black "Bortnyk, Olexandr"]
[Result "1-0"]
[WhiteTitle "GM"]
[BlackTitle "GM"]
[WhiteElo "2620"]
[BlackElo "2598"]
[WhiteFideId "25092340"]
[BlackFideId "14120828"]
[EventDate "2021.04.05"]

1. d4 d6 2. Nf3 Nf6 3. Bf4 g6 4. e3 Bg7 5. Nbd2 O-O 6. Be2 b6 7. O-O Bb7 8. h3
Nbd7 9. Bh2 Qe8 10. a4 a6 11. c3 e5 12. Qc2 Qe7 13. a5 b5 14. c4 b4 15. Nb3 Be4
16. Qd2 c5 17. Rfe1 Rac8 18. Ng5 Bb7 19. Qc2 e4 20. dxc5 dxc5 21. Rad1 h6 22.
Bd6 Qe8 23. Bxf8 Bxf8 24. Nxf7 Qxf7 25. Nd2 Ne5 26. Rf1 Rd8 27. f3 exf3 28. Nxf3
Rxd1 29. Qxd1 Nxf3+ 30. Bxf3 Bxf3 31. Qxf3 Bg7 32. Qa8+ Kh7 33. Qxa6 Qe7 34. Rf3
Ne4 35. Qc6 Nd2 36. Rg3 Bf6 37. a6 Bg5 38. Qb7 1-0

[Event "Chess.com SIG Bullet Wild"]
[Site "chess.com INT"]
[Date "2021.04.05"]
[Round "1.2"]
[White "Bortnyk, Olexandr"]
[Black "Nihal, Sarin"]
[Result "1-0"]
[WhiteTitle "GM"]
[BlackTitle "GM"]
[WhiteElo "2598"]
[BlackElo "2620"]
[WhiteFideId "14120828"]
[BlackFideId "25092340"]
[EventDate "2021.04.05"]

1. e4 e5 2. Nf3 Nc6 3. Bc4 Bc5 4. c3 Nf6 5. d4 exd4 6. cxd4 Bb4+ 7. Nbd2 Nxe4 8.
d5 Ne7 9. O-O Nxd2 10. Nxd2 O-O 11. a3 Bxd2 12. Bxd2 d6 13. Rc1 Ng6 14. Bc3 c5
15. dxc6 bxc6 16. Re1 d5 17. Bd3 Be6 18. Bb4 Re8 19. Rxc6 Nf4 20. Bf1 Qg5 21.
Qf3 Bg4 22. Rxe8+ Rxe8 23. Qg3 Qf5 24. h3 Be2 25. Bd2 Bxf1 26. Qxf4 Qxf4 27.
Bxf4 Bc4 28. Rc7 a6 29. Be3 f6 30. Rb7 Kf8 31. b3 Kg8 32. bxc4 dxc4 33. Rc7 Rd8
34. Rxc4 h5 35. Rc6 a5 36. Rc5 h4 37. Rxa5 Rd1+ 38. Kh2 Ra1 39. Ra8+ Kh7 40. a4
Ra2 41. a5 Kg6 42. a6 1-0

[Event "Chess.com SIG Bullet Wild"]
[Site "chess.com INT"]
[Date "2021.04.05"]
[Round "1.3"]
[White "Nihal, Sarin"]
[Black "Bortnyk, Olexandr"]
[Result "1-0"]
[WhiteTitle "GM"]
[BlackTitle "GM"]
[WhiteElo "2620"]
[BlackElo "2598"]
[WhiteFideId "25092340"]
[BlackFideId "14120828"]
[EventDate "2021.04.05"]

1. d4 d6 2. Nf3 Nf6 3. Bf4 g6 4. Nc3 Bg7 5. e4 O-O 6. Qd2 c5 7. dxc5 dxc5 8.
O-O-O Qxd2+ 9. Rxd2 Nc6 10. h3 Nd4 11. Be3 Nxf3 12. gxf3 b6 13. Bc4 Bb7 14. Rhd1
Bc6 15. a4 a6 16. a5 b5 17. Bd5 Bxd5 18. Nxd5 Nxd5 19. Rxd5 c4 20. Rd7 e6 21.
R1d6 Be5 22. Rc6 c3 23. bxc3 Rfc8 24. Rxc8+ Rxc8 25. Bd4 Bc7 26. Bb6 Be5 27. Bd4
Bc7 28. Kb2 Bxa5 29. Ra7 Bc7 30. Rxa6 h5 31. Rc6 b4 32. cxb4 h4 33. c3 g5 34.
Be5 Rd8 35. Rxc7 Rd2+ 36. Kb3 Rxf2 37. b5 Rf1 38. Kc2 Rf2+ 39. Kb3 Rf1 40. Kc4
Rb1 41. Bd4 Kh7 42. b6 Kg6 43. b7 e5 44. Bxe5 f6 45. Bd6 g4 46. fxg4 Rb6 47. Rd7
Rc6+ 48. Kd5 Rb6 49. b8=Q Rxb8 50. Bxb8 Kg5 51. Rg7+ Kh6 52. Rf7 f5 53. Rxf5 Kg6
54. e5 Kg7 55. e6 Kh6 56. e7 Kg7 57. e8=Q Kh6 58. Qe6+ 1-0

[Event "Chess.com SIG Bullet Wild"]
[Site "chess.com INT"]
[Date "2021.04.05"]
[Round "1.4"]
[White "Bortnyk, Olexandr"]
[Black "Nihal, Sarin"]
[Result "1-0"]
[WhiteTitle "GM"]
[BlackTitle "GM"]
[WhiteElo "2598"]
[BlackElo "2620"]
[WhiteFideId "14120828"]
[BlackFideId "25092340"]
[EventDate "2021.04.05"]

1. e4 g6 2. d4 Bg7 3. Nc3 d6 4. Be3 Nc6 5. Qd2 e5 6. d5 Nce7 7. O-O-O Nf6 8. f3
a6 9. g4 h5 10. g5 Nd7 11. h4 b5 12. Kb1 O-O 13. f4 exf4 14. Bxf4 Ne5 15. Be2 b4
16. Na4 Bd7 17. b3 Bxa4 18. bxa4 Qd7 19. Nf3 Ng4 20. Rhf1 Qxa4 21. Nd4 c5 22.
dxc6 Nxc6 23. Nb3 Rfd8 24. Bxg4 hxg4 25. h5 gxh5 26. Qd5 Qb5 27. Qd2 Ne5 28.
Bxe5 Qxe5 29. c4 Qa1+ 30. Nxa1 1-0

[Event "Chess.com SIG Bullet Wild"]
[Site "chess.com INT"]
[Date "2021.04.05"]
[Round "1.5"]
[White "Nihal, Sarin"]
[Black "Bortnyk, Olexandr"]
[Result "1/2-1/2"]
[WhiteTitle "GM"]
[BlackTitle "GM"]
[WhiteElo "2620"]
[BlackElo "2598"]
[WhiteFideId "25092340"]
[BlackFideId "14120828"]
[EventDate "2021.04.05"]

1. d4 Nf6 2. Nf3 d6 3. Bf4 g6 4. e3 Bg7 5. Nbd2 O-O 6. Be2 b6 7. O-O Bb7 8. h3
Nbd7 9. Bh2 Qe8 10. a4 a6 11. c3 e5 12. dxe5 dxe5 13. Nc4 Ne4 14. Nd4 exd4 15.
exd4 Qe6 16. Ne3 Rac8 17. Re1 Ndf6 18. Bc4 Qc6 19. Bf1 Rcd8 20. Qb3 Rfe8 21. Bc4
Nd2 22. Bxf7+ Kh8 23. Bxe8 Rxe8 24. d5 Nxb3 25. dxc6 Bxc6 26. Rad1 Bxa4 27. Bxc7
Nc5 28. Rd4 b5 29. Bb6 Ne6 30. Rd6 Ng5 31. f3 Nf7 32. Rd2 Bb3 33. Bd4 Nd5 34.
Bxg7+ Kxg7 35. Nf5+ Kf8 36. Rxe8+ Kxe8 37. Nd4 Ba2 38. b3 Nxc3 39. b4 Bc4 40.
Nc6 Nd5 41. Kh2 Kd7 42. Nb8+ Ke6 43. Nxa6 Nd6 44. Nc5+ Kf7 45. Na6 Nf5 46. g4
Nfe7 47. f4 h5 48. Kg3 hxg4 49. hxg4 Nf6 50. Nc5 Nfd5 51. Ne4 Nxb4 52. Nd6+ Ke6
53. Nxc4 bxc4 54. Rd4 Nbd5 55. Rxc4 Kd6 56. Ra4 Nc6 57. Ra6 Nb4 58. Ra1 Nd5 59.
Rd1 Ke6 60. Kh4 Nde7 61. Kg5 Kf7 62. Re1 Nd5 63. f5 Nf6 64. fxg6+ Kg7 65. Re6
Ne4+ 66. Rxe4 Kg8 67. Kh6 Ne7 68. Rxe7 Kf8 69. Rf7+ Kg8 1/2-1/2

[Event "Chess.com SIG Bullet Wild"]
[Site "chess.com INT"]
[Date "2021.04.05"]
[Round "1.6"]
[White "Bortnyk, Olexandr"]
[Black "Nihal, Sarin"]
[Result "0-1"]
[WhiteTitle "GM"]
[BlackTitle "GM"]
[WhiteElo "2598"]
[BlackElo "2620"]
[WhiteFideId "14120828"]
[BlackFideId "25092340"]
[EventDate "2021.04.05"]

1. d4 Nf6 2. Nc3 e6 3. Bf4 d5 4. Nb5 Na6 5. e3 c6 6. Nc3 Nc7 7. Nf3 Bd6 8. Ne5
O-O 9. Bd3 Qe7 10. Qf3 Nd7 11. Qg3 Bxe5 12. dxe5 Nc5 13. h4 Nxd3+ 14. cxd3 Kh8
15. h5 h6 16. Rh4 b6 17. Rg4 Ne8 18. Rd1 Ba6 19. Kf1 Rd8 20. Kg1 d4 21. exd4
Rxd4 22. Ne4 f5 23. exf6 Nxf6 24. Nxf6 Qxf6 25. Be5 Rxg4 26. Bxf6 Rxg3 27. Be7
Rf7 28. fxg3 Rxe7 29. d4 Kg8 30. Re1 Bc4 31. Rc1 Bd5 32. b3 Rf7 33. Re1 Rf5 34.
g4 Rg5 0-1

[Event "Chess.com SIG Bullet Wild"]
[Site "chess.com INT"]
[Date "2021.04.05"]
[Round "1.7"]
[White "Nihal, Sarin"]
[Black "Bortnyk, Olexandr"]
[Result "0-1"]
[WhiteTitle "GM"]
[BlackTitle "GM"]
[WhiteElo "2620"]
[BlackElo "2598"]
[WhiteFideId "25092340"]
[BlackFideId "14120828"]
[EventDate "2021.04.05"]

1. d4 Nf6 2. Nf3 g6 3. Nc3 Bg7 4. e4 d6 5. Bf4 O-O 6. Qd2 c5 7. dxc5 dxc5 8.
O-O-O Qxd2+ 9. Rxd2 Nc6 10. Be2 Nd4 11. h3 Nxe2+ 12. Rxe2 Be6 13. Rd1 b5 14.
Nxb5 Bc4 15. Nc3 Bxe2 16. Nxe2 Nxe4 17. Be3 Rab8 18. c3 Rfd8 19. Re1 a5 20. Nf4
e6 21. Kc2 Rd7 22. h4 c4 23. Bd4 Bxd4 24. Nxd4 Nxf2 25. Re2 Ng4 26. Nc6 Rb5 27.
b3 cxb3+ 28. axb3 Rc5 29. Nb8 Rd6 30. Nd3 Rc8 31. Re4 h5 0-1

[Event "Chess.com SIG Bullet Wild"]
[Site "chess.com INT"]
[Date "2021.04.05"]
[Round "1.8"]
[White "Bortnyk, Olexandr"]
[Black "Nihal, Sarin"]
[Result "0-1"]
[WhiteTitle "GM"]
[BlackTitle "GM"]
[WhiteElo "2598"]
[BlackElo "2620"]
[WhiteFideId "14120828"]
[BlackFideId "25092340"]
[EventDate "2021.04.05"]

1. d4 Nf6 2. Nc3 e6 3. e4 d5 4. Bg5 Be7 5. e5 Nfd7 6. Bxe7 Qxe7 7. f4 a6 8. Nf3
c5 9. Qd2 Nc6 10. O-O-O b5 11. Qe3 Bb7 12. dxc5 Nxc5 13. Nd4 Rc8 14. Be2 O-O 15.
Nxc6 Bxc6 16. Rd4 b4 17. Nd1 Bb5 18. Nf2 Bxe2 19. Qxe2 b3 20. Nd3 bxa2 21. Kd2
Ne4+ 22. Ke3 f6 23. Ra1 fxe5 24. Nxe5 Rxf4 25. Qxa6 Rff8 26. Nf3 Rxc2 27. Rxa2
Rxg2 28. Qa7 Rxf3+ 29. Kxf3 Qf6+ 30. Kxg2 Qf2+ 31. Kh3 Qf3+ 0-1

[Event "Chess.com SIG Bullet Wild"]
[Site "chess.com INT"]
[Date "2021.04.05"]
[Round "1.9"]
[White "Nihal, Sarin"]
[Black "Bortnyk, Olexandr"]
[Result "1-0"]
[WhiteTitle "GM"]
[BlackTitle "GM"]
[WhiteElo "2620"]
[BlackElo "2598"]
[WhiteFideId "25092340"]
[BlackFideId "14120828"]
[EventDate "2021.04.05"]

1. d4 Nf6 2. Nf3 g6 3. Bf4 Bg7 4. e3 O-O 5. Nbd2 b6 6. Be2 Bb7 7. O-O d6 8. a4
a6 9. h3 Nbd7 10. Bh2 Qe8 11. c3 e5 12. dxe5 dxe5 13. Nc4 Ne4 14. Qc2 Qe7 15.
Rfd1 Rfe8 16. Ncd2 Nxd2 17. Nxd2 Rad8 18. a5 Nc5 19. axb6 cxb6 20. b4 Ne6 21.
Bxa6 Bxa6 22. Rxa6 Qb7 23. Raa1 f5 24. Nf3 e4 25. Nd4 Bxd4 26. cxd4 Qd5 27. Rac1
Kf7 28. Be5 Rd7 29. Qb2 Ra8 30. b5 Ra2 31. Qb1 g5 32. Rc2 Rxc2 33. Qxc2 Qxb5 34.
Qc8 Rd8 35. Qc2 h5 36. Rb1 Qd3 37. Qa2 b5 38. Rc1 Rd7 39. Rc6 Re7 40. d5 Nd8 41.
d6+ Re6 42. Rc7+ Kg6 43. Re7 Qc4 44. Qa7 f4 45. Bd4 fxe3 46. fxe3 Rxd6 47. Rg7+
Kf5 48. Qe7 Qc1+ 49. Kh2 Re6 50. Rxg5# 1-0

[Event "Chess.com SIG Bullet Wild"]
[Site "chess.com INT"]
[Date "2021.04.05"]
[Round "1.10"]
[White "Bortnyk, Olexandr"]
[Black "Nihal, Sarin"]
[Result "0-1"]
[WhiteTitle "GM"]
[BlackTitle "GM"]
[WhiteElo "2598"]
[BlackElo "2620"]
[WhiteFideId "14120828"]
[BlackFideId "25092340"]
[EventDate "2021.04.05"]

1. d4 Nf6 2. Nc3 d5 3. Bf4 a6 4. e3 c5 5. Nf3 cxd4 6. exd4 Nc6 7. Ne5 Bd7 8.
Nxc6 Bxc6 9. Bd3 e6 10. Ne2 Bd6 11. c3 O-O 12. O-O Rc8 13. Qd2 Re8 14. Qe3 h6
15. Rfe1 Qc7 16. Bxd6 Qxd6 17. Ng3 b5 18. a3 a5 19. Qd2 Bd7 20. Re5 b4 21. axb4
axb4 22. Ra6 bxc3 23. bxc3 Qc7 24. Re3 Ra8 25. Rxa8 Rxa8 26. h3 Ra1+ 27. Kh2 h5
28. Re5 h4 29. Ne2 Be8 30. Qf4 Nd7 31. Re3 Qxf4+ 32. Nxf4 Nf6 33. Ne2 Bd7 34.
Rf3 Ra2 35. Rf4 Kf8 36. Rxh4 Rd2 37. Ba6 Ke7 38. Rf4 Ne4 39. Rf3 Nd6 40. Bd3 Ra2
41. Ng3 f6 42. h4 e5 43. dxe5 fxe5 44. Re3 e4 45. Be2 g6 46. f3 Nf5 47. Nxf5+
gxf5 48. fxe4 f4 49. Rd3 Rxe2 50. Rxd5 Bg4 51. Rd4 f3 52. Kg3 Rxg2+ 53. Kf4 f2
54. Kg5 f1=Q 55. e5 Bd1+ 56. Kh6 Qf5 57. Rd7+ Kxd7 58. h5 Qg5+ 0-1